000 nam a22 7a 4500
999 _c8021
_d8021
008 171121b xxu||||| |||| 00| 0 eng d
100 _aNCERT
_94475
245 _aMarigold English
260 _aNew Delhi
_bNCERT
_c2007